Úspešné projekty z európskych fondov

Enregistré dans:
Détails bibliographiques
Auteur principal: Bergendi, Tomáš, 1984-
Format: Chapitre de livre
Langue:slovaque
Tags: Ajouter un tag
Pas de tags, Soyez le premier à ajouter un tag!

MARC

LEADER 00000naa a2200000 4500
001 0150230
005 20240502072712.8
041 0 |a slo 
044 |a SK 
245 1 0 |a Úspešné projekty z európskych fondov  |c Tomáš Bergendi 
100 1 |a Bergendi, Tomáš, 1984-